Dibujos españoles e italianos del siglo XVI en la Biblioteca Nacional de España / (Record no. 192733)

MARC details
000 -LEADER
campo de control de longitud fija 02131nam a2200481 i 4500
001 - NÚMERO DE CONTROL
campo de control 192733
003 - IDENTIFICADOR DE NÚMERO DE CONTROL
campo de control SpMaBN
005 - FECHA Y HORA DE LA ÚLTIMA TRANSACCIÓN
campo de control 20250903092859.0
007 - CAMPO FIJO DE DESCRIPCIÓN FÍSICA--INFORMACIÓN GENERAL
campo de control de longitud fija ta
008 - DATOS DE LONGITUD FIJA--INFORMACIÓN GENERAL
campo de control de longitud fija 230516s2021 sp a | ||||o001 0 spa
017 ## - NÚMERO DE COPYRIGHT O DE DEPÓSITO LEGAL
Número de copyright o de depósito legal M 22468-2021
Agencia que asigna Oficina Depósito Legal Madrid
020 ## - NÚMERO INTERNACIONAL ESTÁNDAR DEL LIBRO
Número Internacional Estándar del Libro 9788492462711
024 7# - IDENTIFICADOR DE OTROS ESTÁNDARES
Número estándar o código NIPO 824-21-008-7
Fuente del número o código nipo
035 ## - NÚMERO DE CONTROL DEL SISTEMA
Número de control de sistema (OCoLC)1282153443
040 ## - FUENTE DE CATALOGACIÓN
Centro catalogador/agencia de origen SpMaBN
Lengua de catalogación spa
Centro/agencia transcriptor ES-MaACL
Normas de descripción rda
080 ## - NÚMERO DE LA CLASIFICACIÓN DECIMAL UNIVERSAL
Número de la Clasificación Decimal Universal 017.1(460.271)
080 ## - NÚMERO DE LA CLASIFICACIÓN DECIMAL UNIVERSAL
Número de la Clasificación Decimal Universal 016:74.034(460)
080 ## - NÚMERO DE LA CLASIFICACIÓN DECIMAL UNIVERSAL
Número de la Clasificación Decimal Universal 016:74.034(450)
110 2# - ENTRADA PRINCIPAL--NOMBRE DE ENTIDAD CORPORATIVA
Nombre de entidad corporativa o nombre de jurisdicción como elemento de entrada Biblioteca Nacional de España
Término indicativo de función/relación entidad responsable
9 (RLIN) 234950
245 10 - MENCIÓN DEL TÍTULO
Título Dibujos españoles e italianos del siglo XVI en la Biblioteca Nacional de España /
Mención de responsabilidad, etc. dirección científica y edición, Benito Navarrete Prieto, Gonzalo Redín Michaus
264 #1 - PRODUCCIÓN, PUBLICACIÓN, DISTRIBUCIÓN, FABRICACIÓN Y COPYRIGHT
Producción, publicación, distribución, fabricación y copyright [Madrid] :
Nombre del de productor, editor, distribuidor, fabricante Biblioteca Nacional de España,
Fecha de producción, publicación, distribución, fabricación o copyright [2021].
300 ## - DESCRIPCIÓN FÍSICA
Extensión 395 páginas :
Otras características físicas ilustraciones (color) ;
Dimensiones 31 cm.
336 ## - TIPO DE CONTENIDO
Término de tipo de contenido Texto
-- Imagen fija
Fuente rdacontent
337 ## - TIPO DE MEDIO
Nombre/término del tipo de medio sin mediación
Fuente rdamedia
338 ## - TIPO DE SOPORTE
Nombre/término del tipo de soporte volumen
Fuente rdacarrier
500 ## - NOTA GENERAL
Nota general Índice
504 ## - NOTA DE BIBLIOGRAFÍA, ETC.
Nota de bibliografía, etc. Bibliografía: páginas 356-385
585 ## - NOTA DE EXPOSICIONES
Nota de exposiciones Exposición: Biblioteca Nacional de España, Madrid, 15 de octubre de 2021 al 16 de enero de 2022
650 #0 - PUNTO DE ACCESO ADICIONAL DE MATERIA--TÉRMINO DE MATERIA
Término de materia o nombre geográfico como elemento de entrada Dibujo español-
Subdivisión cronológica S.XVI-
Subdivisión geográfica Biblioteca Nacional de España-
Subdivisión de forma Exposiciones
9 (RLIN) 193632
650 #0 - PUNTO DE ACCESO ADICIONAL DE MATERIA--TÉRMINO DE MATERIA
Término de materia o nombre geográfico como elemento de entrada Dibujo italiano-
Subdivisión cronológica S.XVI-
Subdivisión geográfica Biblioteca Nacional de España-
Subdivisión de forma Exposiciones
9 (RLIN) 193633
650 #0 - PUNTO DE ACCESO ADICIONAL DE MATERIA--TÉRMINO DE MATERIA
Término de materia o nombre geográfico como elemento de entrada Dibujo español-
Subdivisión cronológica S.XVI-
Subdivisión geográfica Biblioteca Nacional de España-
Subdivisión de forma Exposiciones
9 (RLIN) 193632
650 #0 - PUNTO DE ACCESO ADICIONAL DE MATERIA--TÉRMINO DE MATERIA
Término de materia o nombre geográfico como elemento de entrada Dibujo italiano-
Subdivisión cronológica S.XVI-
Subdivisión geográfica Biblioteca Nacional de España-
Subdivisión de forma Exposiciones
9 (RLIN) 193633
655 #7 - TERMINO DE INDIZACIÓN--GENERO/FORMA
Datos o término principal de género/forma Catálogos de exposiciones
Fuente del término tgfbne
9 (RLIN) 193628
655 #0 - TERMINO DE INDIZACIÓN--GENERO/FORMA
Datos o término principal de género/forma Catálogos de bibliotecas
9 (RLIN) 193634
700 0# - ENTRADA AGREGADA--NOMBRE PERSONAL
Nombre de persona Navarrete Prieto, Benito
9 (RLIN) 85047
Término indicativo de función/relación Director de publicación
700 1# - ENTRADA AGREGADA--NOMBRE PERSONAL
Nombre de persona Redín Michaus, Gonzalo
Término indicativo de función/relación Director de publicación
9 (RLIN) 193635
710 2# - ENTRADA AGREGADA--NOMBRE DE ENTIDAD CORPORATIVA
Nombre de entidad corporativa o nombre de jurisdicción como elemento de entrada Biblioteca Nacional de España
Término indicativo de función/relación Sede
9 (RLIN) 234950
852 ## - LOCALIZACIÓN
Ubicación ES-MaACL
Sublocalización o colección R.153416
Ubicación en estantería Depósito J
Donativo/Legado Donación: Biblioteca Nacional de España
Número de control de estantería N-8365
Encuadernación Cartoné
itemnumber 200028
914 ## - NOMBRE ENTIDAD DE DONANTE
Nombre de congreso/reunión o jurisdicción como elemento de entrada Biblioteca Nacional de España
Unidad subordinada Donante
RLIN 234950
942 ## - ELEMENTOS DE ENTRADA SECUNDARIOS (KOHA)
Suprimir en OPAC No
Tipo de ítem Koha Libro impreso
Holdings
Estatus retirado Estado de pérdida Fuente del sistema de clasificación o colocación Estado de daño No para préstamo Biblioteca de origen Biblioteca actual Ubicación en estantería Fecha de adquisición Fuente de adquisición Total de préstamos Signatura topográfica completa Código de barras Visto por última vez Tipo de ítem Koha
    Clasificación decimal universal     Biblioteca del Ateneo de Madrid Biblioteca del Ateneo de Madrid Depósito J 02/06/2022 Donación   N-8365 101205322 17/05/2023 Libro impreso